[Event "2 Bundesliga Ost 2007/2008"]
[Site "20 2110Bruck,3011 212Bade"]
[Date "2007.10.20"]
[Round "1"]
[Board "1"]
[White "Blatny, Pavel"]
[Black "Chernin, Alexander"]
[Result "1/2-1/2"]
[WhiteElo "2432"]
[BlackElo "2587"]
[PlyCount "25"]
[EventDate "2007.10.20"]
[EventType "team"]
[EventRounds "11"]
[EventCountry "AUT"]
[WhiteTeam "SK Zwettl"]
[BlackTeam "Husek Wien"]

1.b3 e5 2.Bb2 Nc6 3.e3 Nf6 4.g3 d5 5.Bg2 Bd6 6.d3 Ne7 7.Nd2 Ng6 8.Ne2 O-O 9.h3
Re8 10.a3 c6 11.c4 Be6 12.Qc2 a5 13.O-O

[Event "2 Bundesliga Ost 2007/2008"]
[Site "20 2110Bruck,3011 212Bade"]
[Date "2007.10.20"]
[Round "1"]
[Board "2"]
[White "Groszpeter, Attila"]
[Black "Vyskocil, Neklan"]
[Result "1-0"]
[WhiteElo "2540"]
[BlackElo "2308"]
[PlyCount "83"]
[EventDate "2007.10.20"]
[EventType "team"]
[EventRounds "11"]
[EventCountry "AUT"]
[WhiteTeam "Husek Wien"]
[BlackTeam "SK Zwettl"]

1.e4 c5 2.Nf3 d6 3.d4 cxd4 4.Nxd4 Nf6 5.Nc3 Nc6 6.Bg5 e6 7.Qd2 a6 8.O-O-O Nxd4
9.Qxd4 Be7 10.h4 b5 11.f3 Bb7 12.Kb1 Qa5 13.Qd2 Rc8 14.e5 b4 15.exd6 Rd8 16.Bxf6
Rxd6 17.Qg5 Qxg5 18.Bxg5 bxc3 19.Rxd6 Bxd6 20.b3 O-O 21.Bc4 h6 22.Be3 Be5 23.Rd1
Ra8 24.h5 a5 25.a4 Ba6 26.Bxa6 Rxa6 27.Rd8+ Kh7 28.Bd4 Bxd4 29.Rxd4 f5 30.Rc4
Rd6 31.Rxc3 Rd2 32.Rc5 Rxg2 33.Rxa5 Rh2 34.Re5 Rxh5 35.a5 Rh1+ 36.Kb2 Rd1
37.Rxe6 g5 38.a6 g4 39.fxg4 fxg4 40.b4 h5 41.a7 Rd8 42.b5

[Event "2 Bundesliga Ost 2007/2008"]
[Site "20 2110Bruck,3011 212Bade"]
[Date "2007.10.20"]
[Round "1"]
[Board "3"]
[White "Holemar, David"]
[Black "Beim, Valeri"]
[Result "0-1"]
[WhiteElo "2314"]
[BlackElo "2523"]
[PlyCount "136"]
[EventDate "2007.10.20"]
[EventType "team"]
[EventRounds "11"]
[EventCountry "AUT"]
[WhiteTeam "SK Zwettl"]
[BlackTeam "Husek Wien"]

1.d4 f5 2.Nh3 Nf6 3.Bg5 e6 4.Nf4 Be7 5.e3 O-O 6.Nd2 Nc6 7.Bc4 a6 8.c3 d5 9.Bb3
Na5 10.Bc2 b6 11.Nf3 c5 12.Ne5 Qe8 13.g4 cxd4 14.exd4 Nxg4 15.Bxe7 Qxe7 16.Nxg4
Qh4 17.Nd3 Qxg4 18.Qxg4 fxg4 19.h3 gxh3 20.Ne5 Nc4 21.Rxh3 g6 22.Ke2 Nxe5
23.dxe5 Ra7 24.Rah1 Rg7 25.Ke3 Bd7 26.Bd3 Bb5 27.Bc2 Rff7 28.Rh6 Rc7 29.R1h3 Rc4
30.Bd3 Ra4 31.Bb1 Rg4 32.Rh1 Rf7 33.R6h3 Bc6 34.R1h2 Rg1 35.Bd3 Bb5 36.Bxb5 axb5
37.Rh4 Re1+ 38.Kd2 Rxe5 39.Rb4 Ref5 40.Ke2 Rc7 41.Rxb5 Rc6 42.Rh4 Rf7 43.Rhb4
Ra7 44.Rxb6 Rxb6 45.Rxb6 Rxa2 46.Rb7 g5 47.Ke3 h5 48.Kd4 h4 49.Ke5 h3 50.Kf6 h2
51.Kg6 Kf8 52.Rh7 Rxb2 53.Rxh2 Ke7 54.Kxg5 Rc2 55.Kf4 Rxc3 56.Ke5 Rf3 57.Rh7+
Rf7 58.Rh2 Rf5+ 59.Kd4 Kd6 60.Ke3 e5 61.Rh8 d4+ 62.Ke2 e4 63.Re8 Kd5 64.Re7 d3+
65.Ke1 Kd4 66.Re8 Rc5 67.Rd8+ Kc3 68.Rd7 Kc2

[Event "2 Bundesliga Ost 2007/2008"]
[Site "20 2110Bruck,3011 212Bade"]
[Date "2007.10.20"]
[Round "1"]
[Board "4"]
[White "Boros, Denes"]
[Black "Wagner, Stefan"]
[Result "1-0"]
[WhiteElo "2460"]
[BlackElo "2103"]
[PlyCount "69"]
[EventDate "2007.10.20"]
[EventType "team"]
[EventRounds "11"]
[EventCountry "AUT"]
[WhiteTeam "Husek Wien"]
[BlackTeam "SK Zwettl"]

1.e4 e5 2.Nf3 Nc6 3.Bb5 a6 4.Ba4 Nf6 5.d3 b5 6.Bb3 Be7 7.a4 Rb8 8.O-O d6 9.Nbd2
O-O 10.c3 Na5 11.Ba2 c5 12.Re1 Bg4 13.h3 Bh5 14.Nf1 b4 15.g4 Bg6 16.Ng3 b3
17.Bb1 Nd7 18.d4 f6 19.Nh4 Be8 20.Nhf5 g6 21.Nxe7+ Qxe7 22.Bd3 c4 23.Bf1 Nb6
24.Be3 Bf7 25.Qd2 g5 26.Nf5 Qc7 27.h4 gxh4 28.Bh6 Rfd8 29.Bg7 Nd7 30.Qh6 Bg6
31.Nxh4 Nf8 32.Bxf6 Re8 33.Nf5 Ne6 34.d5 Nf8 35.Nxd6

[Event "2 Bundesliga Ost 2007/2008"]
[Site "20 2110Bruck,3011 212Bade"]
[Date "2007.10.20"]
[Round "1"]
[Board "5"]
[White "Hangweyrer, Roman"]
[Black "Mihok, Oliver"]
[Result "0-1"]
[WhiteElo "2143"]
[BlackElo "2371"]
[PlyCount "82"]
[EventDate "2007.10.20"]
[EventType "team"]
[EventRounds "11"]
[EventCountry "AUT"]
[WhiteTeam "SK Zwettl"]
[BlackTeam "Husek Wien"]

1.c4 Nf6 2.Nc3 c5 3.Nf3 Nc6 4.g3 d5 5.cxd5 Nxd5 6.Bg2 Nc7 7.O-O e5 8.d3 Be7
9.Nd2 O-O 10.Nc4 Bd7 11.a4 f6 12.f4 Kh8 13.a5 b5 14.axb6 axb6 15.Rxa8 Nxa8
16.Nd5 b5 17.Nxe7 Qxe7 18.Ne3 Nc7 19.Nd5 Nxd5 20.Bxd5 Nd4 21.e3 Be6 22.exd4 Bxd5
23.dxe5 Ba8 24.exf6 Qxf6 25.Qe2 c4 26.dxc4 Qc6 27.Kf2 Re8 28.Be3 Qg2+ 29.Ke1 Qe4
30.Kd2 Rd8+ 31.Ke1 Re8 32.Kd2 bxc4 33.Rc1 Rd8+ 34.Ke1 Qh1+ 35.Qf1 Qxh2 36.Qf2
Qh1+ 37.Qg1 Qe4 38.Rc3 Qb1+ 39.Bc1 Re8+ 40.Kd2 Qe4 41.Re3 Rd8+

[Event "2 Bundesliga Ost 2007/2008"]
[Site "20 2110Bruck,3011 212Bade"]
[Date "2007.10.20"]
[Round "1"]
[Board "6"]
[White "Kummer, Helmut"]
[Black "Vykydal, Frantisek"]
[Result "1-0"]
[WhiteElo "2373"]
[BlackElo "2238"]
[PlyCount "81"]
[EventDate "2007.10.20"]
[EventType "team"]
[EventRounds "11"]
[EventCountry "AUT"]
[WhiteTeam "Husek Wien"]
[BlackTeam "SK Zwettl"]

1.d4 Nf6 2.c4 d6 3.Nc3 e5 4.Nf3 Nbd7 5.e4 Be7 6.Be2 O-O 7.O-O c6 8.Be3 Qc7 9.Rc1
Re8 10.d5 Nf8 11.b4 Ng4 12.Bd2 f5 13.Ne1 Qd8 14.exf5 Nf6 15.g4 N6d7 16.dxc6 bxc6
17.Bf3 Bb7 18.b5 Rc8 19.Be3 Nb6 20.Ng2 Kh8 21.Qb3 Qd7 22.Bxb6 axb6 23.Bxc6 Bxc6
24.bxc6 Qxc6 25.Nd5 Bg5 26.Rc2 Nd7 27.h4 Bd8 28.g5 e4 29.f4 exf3 30.Rxf3 Re4
31.Re3 Rxe3 32.Ngxe3 Ne5 33.Kg2 Qe8 34.Nf4 Qc6+ 35.Ned5 Nxc4 36.Kg3 Qc5 37.Qb1
Qd4 38.Qe1 Bxg5 39.hxg5 Ra8 40.Ng6+ hxg6 41.Rh2+

[Event "2 Bundesliga Ost 2007/2008"]
[Site "20 2110Bruck,3011 212Bade"]
[Date "2007.10.20"]
[Round "1"]
[Board "1"]
[White "Schlosser, Michael"]
[Black "Hagara, Eduard"]
[Result "1/2-1/2"]
[WhiteElo "2328"]
[BlackElo "2372"]
[PlyCount "148"]
[EventDate "2007.10.20"]
[EventType "team"]
[EventRounds "11"]
[EventCountry "AUT"]
[WhiteTeam "Aljechin/Wieden"]
[BlackTeam "ASVOe SK Lackenbach"]

1.e4 c5 2.Nf3 Nc6 3.b3 e5 4.Bb2 d6 5.Bb5 Nf6 6.d3 Bd7 7.Nbd2 Be7 8.O-O O-O 9.c3
a6 10.Bxc6 Bxc6 11.Re1 b5 12.d4 Qc7 13.dxe5 dxe5 14.c4 Bd6 15.Qc2 Rfe8 16.Nf1
Qb7 17.Ng3 bxc4 18.Qxc4 Bb5 19.Qc1 Nd7 20.Nf5 Bf8 21.Qg5 f6 22.Qg4 Nb6 23.Ba3
Rad8 24.Rac1 c4 25.Bxf8 Kxf8 26.a4 Bc6 27.a5 Nc8 28.Rxc4 g6 29.Qh4 Re6 30.Nxe5
Be8 31.Ne3 Nd6 32.Nd5 Nxc4 33.bxc4 Qg7 34.Nd3 Bc6 35.Nc5 Bxd5 36.cxd5 Red6
37.Ne6+ Rxe6 38.dxe6 Qe7 39.Rb1 Qxe6 40.Qxh7 Qxe4 41.Rc1 Qc2 42.Qh8+ Kf7 43.Qh7+
Kf8 44.Re1 Qe2 45.Qh8+ Kf7 46.Qh7+ Kf8 47.Qh6+ Kf7 48.Qc1 Qd2 49.Qc4+ Rd5 50.Rb1
Kg7 51.h3 Rxa5 52.Rb7+ Kh6 53.Qh4+ Rh5 54.Qxf6 Qe1+ 55.Kh2 Qe5+ 56.Qxe5 Rxe5
57.f4 Rf5 58.g3 Rb5 59.Ra7 Rb2+ 60.Kg1 Ra2 61.g4 g5 62.f5 a5 63.Kh1 a4 64.Kg1 a3
65.Kh1 Ra1+ 66.Kg2 Ra2+ 67.Kf3 Ra1 68.Kf2 Ra2+ 69.Ke1 Ra1+ 70.Kd2 Ra2+ 71.Kc1
Ra1+ 72.Kc2 Ra2+ 73.Kb1 Rb2+ 74.Ka1 Ra2+

[Event "2 Bundesliga Ost 2007/2008"]
[Site "20 2110Bruck,3011 212Bade"]
[Date "2007.10.20"]
[Round "1"]
[Board "2"]
[White "Vass, Frantisek"]
[Black "Pachta, Paul"]
[Result "1/2-1/2"]
[WhiteElo "2417"]
[BlackElo "2288"]
[PlyCount "84"]
[EventDate "2007.10.20"]
[EventType "team"]
[EventRounds "11"]
[EventCountry "AUT"]
[WhiteTeam "ASVOe SK Lackenbach"]
[BlackTeam "Aljechin/Wieden"]

1.d4 Nf6 2.Bg5 e6 3.Nd2 h6 4.Bh4 d5 5.e3 Be7 6.Bd3 Nbd7 7.Ngf3 c6 8.Ne5 Nxe5
9.dxe5 Nd7 10.Bg3 Nc5 11.O-O Nxd3 12.cxd3 O-O 13.e4 Qb6 14.Nb3 a5 15.Qc2 a4
16.Nd2 Qc5 17.Qb1 b5 18.Kh1 b4 19.Rc1 Qb5 20.Nf3 c5 21.exd5 exd5 22.d4 c4 23.Bh4
Qd7 24.e6 Qd8 25.exf7+ Rxf7 26.Bxe7 Qxe7 27.Re1 Qf6 28.Re8+ Rf8 29.Qe1 Bf5
30.Rxa8 Rxa8 31.Qxb4 Be4 32.Qc3 Rf8 33.Rd1 Qg6 34.Rg1 Qh5 35.Nd2 Bd3 36.f3 Rf4
37.h3 Qh4 38.Nf1 Qf2 39.Nh2 h5 40.Qb4 Qxd4 41.Qxa4 Kh7 42.Qe8 Bg6

[Event "2 Bundesliga Ost 2007/2008"]
[Site "20 2110Bruck,3011 212Bade"]
[Date "2007.10.20"]
[Round "1"]
[Board "3"]
[White "Hodisch, Juri"]
[Black "Krpelan, Wolfgang"]
[Result "1/2-1/2"]
[WhiteElo "2357"]
[BlackElo "2287"]
[PlyCount "38"]
[EventDate "2007.10.20"]
[EventType "team"]
[EventRounds "11"]
[EventCountry "AUT"]
[WhiteTeam "Aljechin/Wieden"]
[BlackTeam "ASVOe SK Lackenbach"]

1.d4 d5 2.c4 c6 3.Nf3 Nf6 4.Nc3 dxc4 5.a4 Bf5 6.Ne5 Nbd7 7.Nxc4 Nb6 8.Ne5 Nbd7
9.Qb3 Nxe5 10.dxe5 Nd7 11.Qxb7 Nxe5 12.e4 Qc8 13.Qb4 Bd7 14.Be2 c5 15.Qb3 e6
16.O-O Rb8 17.Qd1 Rb4 18.Bb5 a6 19.Bxd7+ Qxd7

[Event "2 Bundesliga Ost 2007/2008"]
[Site "20 2110Bruck,3011 212Bade"]
[Date "2007.10.20"]
[Round "1"]
[Board "4"]
[White "Ranits, Franz"]
[Black "Wirius, Stefan"]
[Result "1/2-1/2"]
[WhiteElo "2214"]
[BlackElo "2281"]
[PlyCount "29"]
[EventDate "2007.10.20"]
[EventType "team"]
[EventRounds "11"]
[EventCountry "AUT"]
[WhiteTeam "ASVOe SK Lackenbach"]
[BlackTeam "Aljechin/Wieden"]

1.e4 c5 2.c3 d5 3.exd5 Qxd5 4.d4 Nf6 5.Nf3 Nc6 6.Be2 cxd4 7.cxd4 e6 8.Nc3 Qd6
9.O-O Be7 10.Bg5 O-O 11.Qd2 a6 12.Rfd1 Nd5 13.Nxd5 Qxd5 14.Bxe7 Nxe7 15.Ne5

[Event "2 Bundesliga Ost 2007/2008"]
[Site "20 2110Bruck,3011 212Bade"]
[Date "2007.10.20"]
[Round "1"]
[Board "5"]
[White "Vitouch, Anatol"]
[Black "Stranz, Richard"]
[Result "0-1"]
[WhiteElo "2211"]
[BlackElo "2226"]
[PlyCount "62"]
[EventDate "2007.10.20"]
[EventType "team"]
[EventRounds "11"]
[EventCountry "AUT"]
[WhiteTeam "Aljechin/Wieden"]
[BlackTeam "ASVOe SK Lackenbach"]

1.Nf3 c5 2.b3 Nc6 3.Bb2 Nf6 4.c4 e6 5.g3 Be7 6.Bg2 O-O 7.O-O b6 8.e3 Bb7 9.Nc3
d5 10.cxd5 Nxd5 11.Nxd5 Qxd5 12.d4 Na5 13.Nh4 Qd8 14.Bxb7 Nxb7 15.Qf3 Bxh4
16.gxh4 Qe7 17.Rfd1 Rfd8 18.Rac1 Rac8 19.dxc5 Nxc5 20.Qg3 f6 21.Qf4 Rxd1+
22.Rxd1 Rd8 23.Rxd8+ Qxd8 24.Qd4 Qxd4 25.Bxd4 Nd3 26.a4 e5 27.Bc3 Nc5 28.Kf1
Nxb3 29.Ke2 Nc5 30.a5 Kf7 31.Bb4 Ke6

[Event "2 Bundesliga Ost 2007/2008"]
[Site "20 2110Bruck,3011 212Bade"]
[Date "2007.10.20"]
[Round "1"]
[Board "6"]
[White "Galavics, Hermann"]
[Black "Zaynard, Andreas"]
[Result "1/2-1/2"]
[WhiteElo "2041"]
[BlackElo "2078"]
[PlyCount "50"]
[EventDate "2007.10.20"]
[EventType "team"]
[EventRounds "11"]
[EventCountry "AUT"]
[WhiteTeam "ASVOe SK Lackenbach"]
[BlackTeam "Aljechin/Wieden"]

1.d4 d6 2.c4 e5 3.d5 f5 4.Nc3 Nf6 5.g3 Be7 6.Bg2 O-O 7.Nh3 a5 8.O-O Na6 9.f3 Bd7
10.Nf2 Qe8 11.b3 Qg6 12.e4 Nc5 13.Bh3 f4 14.Kg2 Bxh3+ 15.Nxh3 h5 16.Nf2 Nh7
17.g4 Bh4 18.h3 Nf6 19.Ba3 Nfd7 20.Rh1 Qg5 21.Nd3 Rf6 22.Nxc5 dxc5 23.Kf1 Rh6
24.Ke2 Bg3 25.Qf1 b6

[Event "2 Bundesliga Ost 2007/2008"]
[Site "20 2110Bruck,3011 212Bade"]
[Date "2007.10.20"]
[Round "1"]
[Board "1"]
[White "Vlcek, Stanislav"]
[Black "Sulyok, Michael"]
[Result "1/2-1/2"]
[WhiteElo "2322"]
[BlackElo "2255"]
[PlyCount "57"]
[EventDate "2007.10.20"]
[EventType "team"]
[EventRounds "11"]
[EventCountry "AUT"]
[WhiteTeam "Blackburne Nickelsdorf"]
[BlackTeam "SK Advisory Invest Baden"]

1.e4 g6 2.d4 Bg7 3.Nf3 d6 4.Nc3 Nf6 5.Be2 O-O 6.O-O Bg4 7.Be3 Nc6 8.Qd2 e5
9.dxe5 dxe5 10.Rad1 Qc8 11.Qc1 Rd8 12.Rxd8+ Nxd8 13.h3 Bxf3 14.Bxf3 c6 15.Nb1
Ne6 16.c3 Bf8 17.b4 a5 18.Qb2 b5 19.a3 Qa6 20.Nd2 axb4 21.axb4 c5 22.Nb3 cxb4
23.Ra1 bxc3 24.Qxc3 Qc8 25.Qxe5 Rxa1+ 26.Nxa1 Bg7 27.Qxb5 Nxe4 28.Bxe4 Bxa1
29.Bd5

[Event "2 Bundesliga Ost 2007/2008"]
[Site "20 2110Bruck,3011 212Bade"]
[Date "2007.10.20"]
[Round "1"]
[Board "2"]
[White "Miniboeck, Guenter"]
[Black "Bachofner, Andreas"]
[Result "1/2-1/2"]
[WhiteElo "2355"]
[BlackElo "2246"]
[PlyCount "107"]
[EventDate "2007.10.20"]
[EventType "team"]
[EventRounds "11"]
[EventCountry "AUT"]
[WhiteTeam "SK Advisory Invest Baden"]
[BlackTeam "Blackburne Nickelsdorf"]

1.d4 e6 2.c4 f5 3.g3 Nf6 4.Bg2 d5 5.Nf3 c6 6.O-O Bd6 7.Qc2 O-O 8.Ne5 Nbd7 9.Nd3
Qe7 10.Nd2 b6 11.Nf3 Bb7 12.Bf4 Ne4 13.Rfc1 Bxf4 14.Nxf4 Rfc8 15.Qa4 a5 16.cxd5
exd5 17.e3 Qd6 18.Nd3 c5 19.Nfe5 Bc6 20.Qd1 c4 21.Nxd7 Bxd7 22.Ne5 b5 23.f3 Nf6
24.h3 Be6 25.g4 g6 26.Qd2 fxg4 27.hxg4 Nd7 28.f4 Ra7 29.Rf1 Rf8 30.Rad1 Nf6
31.Qe2 Rg7 32.g5 Ne4 33.Bxe4 dxe4 34.d5 Bf5 35.a4 bxa4 36.Nxc4 Qc5 37.Rd4 Rd7
38.Rfd1 Rfd8 39.Qd2 Bg4 40.Ne5 Bxd1 41.Nxd7 Rxd7 42.Qxd1 a3 43.bxa3 Qxa3 44.Kf2
Rb7 45.Rd2 Rb2 46.Rxb2 Qxb2+ 47.Kf1 Qb5+ 48.Kf2 Qd3 49.Qa4 Qd2+ 50.Kf1 Qxd5
51.Qe8+ Kg7 52.Qe7+ Kg8 53.Qe8+ Kg7 54.Qe7+

[Event "2 Bundesliga Ost 2007/2008"]
[Site "20 2110Bruck,3011 212Bade"]
[Date "2007.10.20"]
[Round "1"]
[Board "3"]
[White "Koffler, Daniel"]
[Black "Schneider Zinner, Harald"]
[Result "0-1"]
[WhiteElo "2213"]
[BlackElo "2330"]
[PlyCount "100"]
[EventDate "2007.10.20"]
[EventType "team"]
[EventRounds "11"]
[EventCountry "AUT"]
[WhiteTeam "Blackburne Nickelsdorf"]
[BlackTeam "SK Advisory Invest Baden"]

1.e4 e5 2.Nf3 d6 3.Bb5+ c6 4.Ba4 Nf6 5.d3 Be7 6.O-O Nbd7 7.c3 Nc5 8.Bc2 Bg4 9.h3
Bh5 10.Nbd2 Qc7 11.Re1 O-O 12.Nf1 Rfe8 13.Ng3 Bg6 14.Nh4 Bf8 15.Bg5 Nfd7 16.Be3
Ne6 17.Qf3 a5 18.Ngf5 a4 19.g4 b5 20.Kh1 Rad8 21.b3 axb3 22.axb3 c5 23.Ng2 b4
24.c4 Nb8 25.h4 Nc6 26.Ra2 Bxf5 27.gxf5 Ned4 28.Qg4 Ra8 29.Rea1 Qb7 30.Qd1 Rxa2
31.Rxa2 Ra8 32.Qb1 g6 33.Bxd4 Nxd4 34.Ne3 Rxa2 35.Qxa2 Qe7 36.Bd1 Qxh4+ 37.Kg2
Qg5+ 38.Kf1 Qh4 39.Kg1 Bh6 40.Nd5 gxf5 41.Qa7 Bf4 42.Nxf4 exf4 43.exf5 Qg5+
44.Kh1 Qxf5 45.Qb8+ Kg7 46.Qxd6 f3 47.Qg3+ Kh6 48.Qd6+ f6 49.Qf8+ Kh5 50.Qf7+
Kh4

[Event "2 Bundesliga Ost 2007/2008"]
[Site "20 2110Bruck,3011 212Bade"]
[Date "2007.10.20"]
[Round "1"]
[Board "4"]
[White "Herndlbauer, Martin"]
[Black "Bachofner, Christian"]
[Result "1/2-1/2"]
[WhiteElo "2134"]
[BlackElo "2098"]
[PlyCount "39"]
[EventDate "2007.10.20"]
[EventType "team"]
[EventRounds "11"]
[EventCountry "AUT"]
[WhiteTeam "SK Advisory Invest Baden"]
[BlackTeam "Blackburne Nickelsdorf"]

1.d4 d5 2.c4 c6 3.Nf3 Nf6 4.Nc3 e6 5.cxd5 exd5 6.Bg5 Be7 7.Qc2 Bg4 8.Ne5 Bh5
9.e3 Nbd7 10.f4 h6 11.Bxf6 Bxf6 12.Bd3 Qe7 13.O-O Bxe5 14.fxe5 O-O 15.e4 dxe4
16.Nxe4 Bg6 17.Rae1 Bxe4 18.Bxe4 Nb6 19.Qf2 Rad8 20.Rd1

[Event "2 Bundesliga Ost 2007/2008"]
[Site "20 2110Bruck,3011 212Bade"]
[Date "2007.10.20"]
[Round "1"]
[Board "5"]
[White "Adler, Thomas"]
[Black "Geismann, Bernhard"]
[Result "0-1"]
[WhiteElo "2050"]
[BlackElo "2099"]
[PlyCount "84"]
[EventDate "2007.10.20"]
[EventType "team"]
[EventRounds "11"]
[EventCountry "AUT"]
[WhiteTeam "Blackburne Nickelsdorf"]
[BlackTeam "SK Advisory Invest Baden"]

1.e4 e5 2.Nf3 Nc6 3.Nc3 Nf6 4.d4 exd4 5.Nxd4 Bb4 6.Nxc6 bxc6 7.Bd3 d5 8.exd5
cxd5 9.O-O O-O 10.Bg5 c6 11.Qf3 Re8 12.Bxf6 Qxf6 13.Qxf6 gxf6 14.Ne2 Bg4 15.Ng3
Re5 16.h3 Bd7 17.f4 Bc5+ 18.Kh1 Re3 19.Nh5 Bxh3 20.Nxf6+ Kg7 21.Nxh7 Bg4 22.Rae1
Rh8 23.Rxe3 Bxe3 24.Re1 d4 25.Kh2 f5 26.Kg3 Rxh7 27.b3 Kf6 28.Rf1 Rg7 29.Kh2 Re7
30.Kg3 Bd2 31.a4 Re3+ 32.Kh2 Re1 33.Rxe1 Bxe1 34.g3 Bf3 35.Kh3 c5 36.Kh2 Bf2
37.Kh3 Be3 38.Kh2 Bd5 39.Kh3 Kg6 40.Kh4 Bg2 41.Be2 Bd2 42.Bd3 Ba5

[Event "2 Bundesliga Ost 2007/2008"]
[Site "20 2110Bruck,3011 212Bade"]
[Date "2007.10.20"]
[Round "1"]
[Board "1"]
[White "Kleiser, Gregor"]
[Black "Ganaus, Hannes"]
[Result "1-0"]
[WhiteElo "2323"]
[BlackElo "2294"]
[PlyCount "85"]
[EventDate "2007.10.20"]
[EventType "team"]
[EventRounds "11"]
[EventCountry "AUT"]
[WhiteTeam "SV Tschaturanga Neubau"]
[BlackTeam "SPG Data Technology Eichgraben/P"]

1.d4 Nf6 2.c4 e6 3.Nc3 Bb4 4.e3 O-O 5.Nge2 d5 6.a3 Bd6 7.Ng3 c5 8.cxd5 exd5
9.Be2 Nc6 10.O-O Be6 11.dxc5 Bxc5 12.b4 Bd6 13.Nb5 Be5 14.Nd4 a5 15.Bb2 Qb6
16.Nxe6 fxe6 17.Rb1 Bxb2 18.Rxb2 axb4 19.axb4 Rfc8 20.Kh1 Ne5 21.Qb1 Nc4 22.Bxc4
Rxc4 23.Rc1 Rac8 24.Rxc4 Rxc4 25.h3 Qc7 26.Ne2 Ne4 27.Qe1 Nc3 28.Nd4 e5 29.Ne6
Qc8 30.Rc2 Qxe6 31.Rxc3 Rxb4 32.Qa1 h6 33.Rc7 Qf5 34.Kh2 Kh7 35.Qa5 Rb2 36.Qxd5
Rxf2 37.Rxb7 Re2 38.Rb8 Kg6 39.Qg8 e4 40.Rb6+ Kh5 41.Qe8+ Kh4 42.Qe7+ Kh5
43.Qxg7

[Event "2 Bundesliga Ost 2007/2008"]
[Site "20 2110Bruck,3011 212Bade"]
[Date "2007.10.20"]
[Round "1"]
[Board "2"]
[White "Neumeier, Klaus"]
[Black "Wukits, Rene"]
[Result "0-1"]
[WhiteElo "2273"]
[BlackElo "2302"]
[PlyCount "84"]
[EventDate "2007.10.20"]
[EventType "team"]
[EventRounds "11"]
[EventCountry "AUT"]
[WhiteTeam "SPG Data Technology Eichgraben/P"]
[BlackTeam "SV Tschaturanga Neubau"]

1.e4 c5 2.Nf3 e6 3.d4 cxd4 4.Nxd4 a6 5.Bd3 Bc5 6.Nb3 Be7 7.c4 d6 8.Nc3 b6 9.O-O
Bb7 10.f4 Nd7 11.Be3 Ngf6 12.Qf3 Rc8 13.Rad1 Qc7 14.Qh3 g6 15.Rd2 h5 16.Kh1 Qb8
17.Bd4 Rg8 18.Qg3 b5 19.cxb5 axb5 20.Bxf6 Nxf6 21.Bxb5+ Kf8 22.e5 Rxc3 23.Qxc3
Ne4 24.Qd3 Kg7 25.Rc2 Qa8 26.Nd4 h4 27.Bc6 d5 28.Bxb7 Qxb7 29.Qb5 Qa8 30.Nc6 Rh8
31.Nxe7 Qa7 32.h3 Qxe7 33.Rfc1 Qa7 34.Rc7 Qe3 35.Rxf7+ Kh6 36.Qc6 d4 37.Qc7 d3
38.Ra1 d2 39.Rd1 Nf2+ 40.Kh2 Nxd1 41.Qe7 Qg3+ 42.Kg1 Ne3

[Event "2 Bundesliga Ost 2007/2008"]
[Site "20 2110Bruck,3011 212Bade"]
[Date "2007.10.20"]
[Round "1"]
[Board "3"]
[White "Dueckstein, Andreas"]
[Black "Weissenbeck, Manuel"]
[Result "0-1"]
[WhiteElo "2252"]
[BlackElo "2264"]
[PlyCount "116"]
[EventDate "2007.10.20"]
[EventType "team"]
[EventRounds "11"]
[EventCountry "AUT"]
[WhiteTeam "SV Tschaturanga Neubau"]
[BlackTeam "SPG Data Technology Eichgraben/P"]

1.e4 c5 2.Nf3 d6 3.Bb5+ Bd7 4.Bxd7+ Nxd7 5.d4 cxd4 6.Nxd4 Ngf6 7.Nc3 g6 8.O-O
Bg7 9.Re1 O-O 10.b3 a6 11.Bb2 Rc8 12.Nd5 e6 13.Nxf6+ Nxf6 14.c4 Qa5 15.Nf3 Rfd8
16.a3 b5 17.b4 Qb6 18.cxb5 axb5 19.Bd4 Qb7 20.Qd3 e5 21.Bb2 d5 22.Nxe5 dxe4
23.Qe2 h5 24.Rad1 Re8 25.Qd2 Re7 26.Rc1 Rce8 27.Nc6 Rd7 28.Qe2 Qb6 29.Qe3 Qb7
30.Na5 Qb8 31.Qg3 Qxg3 32.hxg3 Rd2 33.Bc3 Ra2 34.Ra1 Rc2 35.Rec1 Rxc1+ 36.Rxc1
Bh6 37.Re1 Nd5 38.Bd4 f5 39.Nb3 Ra8 40.Bb2 Nb6 41.Nd4 Bg7 42.Ba1 Rxa3 43.Nc2 Rb3
44.Bxg7 Kxg7 45.Ra1 Na4 46.Nd4 Rxb4 47.Nxb5 Rxb5 48.Rxa4 Rb1+ 49.Kh2 Rf1 50.Ra2
Kf6 51.Re2 Ke5 52.Ra2 Kd4 53.Ra4+ Kd3 54.Ra2 g5 55.Rb2 f4 56.gxf4 gxf4 57.Ra2 e3
58.fxe3 fxe3

[Event "2 Bundesliga Ost 2007/2008"]
[Site "20 2110Bruck,3011 212Bade"]
[Date "2007.10.20"]
[Round "1"]
[Board "4"]
[White "Pichler, Michael"]
[Black "Wallner, Alfred"]
[Result "1-0"]
[WhiteElo "2170"]
[BlackElo "2256"]
[PlyCount "63"]
[EventDate "2007.10.20"]
[EventType "team"]
[EventRounds "11"]
[EventCountry "AUT"]
[WhiteTeam "SPG Data Technology Eichgraben/P"]
[BlackTeam "SV Tschaturanga Neubau"]

1.e4 c5 2.c3 Nf6 3.e5 Nd5 4.Nf3 e6 5.Bc4 Nb6 6.Bb3 d5 7.d4 Nc6 8.O-O Bd7 9.Be3
cxd4 10.Bxd4 Nxd4 11.Nxd4 Bc5 12.Nd2 O-O 13.f4 f6 14.N2f3 Nc4 15.Bxc4 dxc4
16.Qe2 b5 17.Kh1 Qb6 18.exf6 gxf6 19.Rae1 Rae8 20.Qe4 a6 21.Re2 Bc8 22.Rfe1 Bb7
23.Qc2 Bd5 24.b4 cxb3 25.axb3 b4 26.c4 Bxd4 27.cxd5 Bc3 28.Rxe6 Rxe6 29.Rxe6 Qa5
30.Qd1 Rd8 31.h3 Qxd5 32.Re8+

[Event "2 Bundesliga Ost 2007/2008"]
[Site "20 2110Bruck,3011 212Bade"]
[Date "2007.10.20"]
[Round "1"]
[Board "6"]
[White "Wandl, Werner"]
[Black "Froeschl, Felix"]
[Result "0-1"]
[WhiteElo "2116"]
[BlackElo "2203"]
[PlyCount "134"]
[EventDate "2007.10.20"]
[EventType "team"]
[EventRounds "11"]
[EventCountry "AUT"]
[WhiteTeam "SPG Data Technology Eichgraben/P"]
[BlackTeam "SV Tschaturanga Neubau"]

1.e4 c5 2.Nc3 Nc6 3.g3 g6 4.Bg2 Bg7 5.d3 d6 6.f4 e6 7.Nf3 Nge7 8.O-O O-O 9.Be3
Nd4 10.Qd2 Rb8 11.Rab1 Nec6 12.Ne2 Nxe2+ 13.Qxe2 b6 14.Qf2 d5 15.exd5 exd5 16.d4
c4 17.h3 b5 18.Ne5 Ne7 19.g4 f6 20.Nf3 b4 21.a3 bxa3 22.bxa3 Be6 23.Bd2 Re8
24.Rfe1 Rxb1 25.Rxb1 Qd7 26.Nh2 Nc6 27.c3 Bf7 28.Nf1 Na5 29.Ne3 Bf8 30.Qf3 Rd8
31.f5 g5 32.Nc2 Nb3 33.Be1 a5 34.h4 h6 35.hxg5 hxg5 36.Qd1 Bd6 37.Na1 a4 38.Nc2
Kg7 39.Bd2 Bc7 40.Be3 Qd6 41.Qf3 Ba5 42.Rd1 Bxc3 43.Bxg5 Bxd4+ 44.Nxd4 Nxd4
45.Qe3 Nb3 46.Bh6+ Kg8 47.g5 Re8 48.Bxd5 Rxe3 49.Bxf7+ Kxf7 50.g6+ Ke7 51.Rxd6
Kxd6 52.Bxe3 Ke7 53.Kf2 c3 54.Kg3 c2 55.Kh4 Kf8 56.Kh5 Kg7 57.Bh6+ Kg8 58.Bf4
Nd4 59.Bd2 Nxf5 60.Kg4 Nd4 61.Kf4 Nb3 62.Ke3 c1=Q 63.Bxc1 Nxc1 64.Kd2 Nb3+
65.Kc3 f5 66.Kb4 f4 67.Kc4 Kg7

[Event "2 Bundesliga Ost 2007/2008"]
[Site "20 2110Bruck,3011 212Bade"]
[Date "2007.10.20"]
[Round "1"]
[Board "1"]
[White "Polak, Thomas"]
[Black "Timoscenko, Gennadij"]
[Result "1/2-1/2"]
[WhiteElo "2540"]
[BlackElo "2487"]
[PlyCount "41"]
[EventDate "2007.10.20"]
[EventType "team"]
[EventRounds "11"]
[EventCountry "AUT"]
[WhiteTeam "SV Stockerau"]
[BlackTeam "1 Wr NeustAedter SV"]

1.d4 Nf6 2.c4 g6 3.Nc3 d5 4.cxd5 Nxd5 5.e4 Nxc3 6.bxc3 Bg7 7.Nf3 c5 8.Be3 Qa5
9.Bd2 O-O 10.Be2 Bg4 11.O-O Rd8 12.a4 Bxf3 13.Bxf3 cxd4 14.cxd4 Qb6 15.d5 Bxa1
16.Qxa1 Nd7 17.e5 Rac8 18.a5 Qc7 19.Re1 Nc5 20.Qa3 Qd7 21.Bb4

[Event "2 Bundesliga Ost 2007/2008"]
[Site "20 2110Bruck,3011 212Bade"]
[Date "2007.10.20"]
[Round "1"]
[Board "2"]
[White "Schroll, Gerhard"]
[Black "Chytilek, Roman"]
[Result "1/2-1/2"]
[WhiteElo "2409"]
[BlackElo "2384"]
[PlyCount "36"]
[EventDate "2007.10.20"]
[EventType "team"]
[EventRounds "11"]
[EventCountry "AUT"]
[WhiteTeam "1 Wr NeustAedter SV"]
[BlackTeam "SV Stockerau"]

1.d4 Nf6 2.Nf3 c5 3.d5 b5 4.Bg5 Qb6 5.Bxf6 exf6 6.e4 d6 7.Nfd2 a6 8.a4 b4 9.a5
Qb7 10.Bd3 Nd7 11.Nc4 Be7 12.O-O O-O 13.Nbd2 Ra7 14.Ne3 g6 15.Ndc4 Ne5 16.Nb6
Re8 17.Nxc8 Qxc8 18.Nc4 Nxc4